| 000 | 01461cam a2200253 4500 | ||
|---|---|---|---|
| 001 | ABS64651 | ||
| 008 | 011102n2001 000 0 eng u | ||
| 035 | _a(Sirsi) u115449 | ||
| 100 | _aBarrie, G | ||
| 245 | _aWhy are they still standing? - Because we can't spoil the view | ||
| 260 | _c2001 | ||
| 490 |
_aProperty Week _v66(43) 26 October 2001, 10-12(3) |
||
| 520 | _aReports on the rights to light row over the demolition of Marsham Street towers. The dispute is delaying government and developer plans to replace the towers with a new headquarters for the Home Office and a significant residential element. It is feared that once the project starts, surrounding residents will argue that their views will be destroyed and the amount of natural light available to their building restricted. While the Home Office claims there is no risk of a rights to light dispute because the Marsham Street site is on Crown land, the French group Bouygues is considering redesigning the building to avoid the possible costs of a rights to light case. In the meantime, other developers are concerned about the impact of the delays for other private financed projects. | ||
| 590 | _aABS | ||
| 650 | _aRIGHTS TO LIGHT | ||
| 650 | _aHOME OFFICE | ||
| 650 | _aPFI | ||
| 650 | _aMARSHAM STREET | ||
| 650 | _aBUILT ENVIRONMENT-CONSTRUCTION DESIGN | ||
| 650 | _aDEMOLITION | ||
| 650 | _aTOWER BLOCKS | ||
| 690 | _aPROPERTY-PROPERTY DEVELOPMENT | ||
| 942 | _n0 | ||
| 999 |
_c68759 _d68759 |
||